DGP question bank: zoology (Record no. 131111)

MARC details
000 -LEADER
fixed length control field 00504nam a2200217Ia 4500
008 - FIXED-LENGTH DATA ELEMENTS--GENERAL INFORMATION
fixed length control field 210210b2008 xxu||||| |||| 00| 0 eng d
020 ## - INTERNATIONAL STANDARD BOOK NUMBER
International Standard Book Number 8186651322
041 ## - LANGUAGE CODE
Language code of text/sound track or separate title eng
082 ## - DEWEY DECIMAL CLASSIFICATION NUMBER
Classification number 591.02 KAND
100 ## - MAIN ENTRY--PERSONAL NAME
Personal name KANG (Jasneet)
245 ## - TITLE STATEMENT
Title DGP question bank: zoology
260 ## - PUBLICATION, DISTRIBUTION, ETC.
Place of publication, distribution, etc. ND
Name of publisher, distributor, etc. Dhillon Group of Publication
Date of publication, distribution, etc. 2008
300 ## - PHYSICAL DESCRIPTION
Extent 639
650 ## - SUBJECT ADDED ENTRY--TOPICAL TERM
Topical term or geographic name entry element zoology
650 ## - SUBJECT ADDED ENTRY--TOPICAL TERM
Topical term or geographic name entry element question
650 ## - SUBJECT ADDED ENTRY--TOPICAL TERM
Topical term or geographic name entry element DGP
650 ## - SUBJECT ADDED ENTRY--TOPICAL TERM
Topical term or geographic name entry element bank:
690 ## - LOCAL SUBJECT ADDED ENTRY--TOPICAL TERM (OCLC, RLIN)
Topical term or geographic name as entry element Zoology
700 ## - ADDED ENTRY--PERSONAL NAME
Personal name MISHRA (Sukant)
906 ## - LOCAL DATA ELEMENT F, LDF (RLIN)
a SG05013
Holdings
Withdrawn status Lost status Source of classification or shelving scheme Damaged status Not for loan Collection code Home library Current library Shelving location Date acquired Source of acquisition Cost, normal purchase price Total Checkouts Full call number Barcode Date last seen Price effective from Koha item type
    Dewey Decimal Classification     Zoology St Aloysius Library St Aloysius Library Stack Section 02/17/2021 West Coast Paper & Stationers Mangalore-1 390.00   591.02 KAND SG05013 02/17/2021 02/17/2021 Special Grants